| 000 | 01799cam a22004694i 4500 | ||
|---|---|---|---|
| 003 | PE-LiUPU | ||
| 005 | 20250731173443.0 | ||
| 008 | 150616s r 000 0 d | ||
| 035 | _a(Sirsi) a5811 | ||
| 040 |
_aPE-LiUPU _bspa _cPE-LiUPU _erda |
||
| 049 | _aPRUA | ||
| 082 | 0 | 4 |
_a235.2 _bM79 _221 |
| 100 | 1 |
_aAgustín, Santo, _d354-430, _eautor. |
|
| 245 | 1 | 0 |
_aObras de San Agustin / _c[San Agustín] ; edición preparada por el Padre José Morán. |
| 264 | 1 |
_aMadrid : _bLaEditorial La Catolica, _c1964. |
|
| 300 |
_a721 páginas ; _c19 cm. |
||
| 336 |
_atext _2rdacontent |
||
| 337 |
_aunmediated _2rdamedia |
||
| 338 |
_avolume _2rdacarrier |
||
| 505 | 0 | _aLa ciudad de Dios: En defensa de la religión cristiana.- Los dioses y la degradación de Roma.- La grandeza de Roma como don divino.- El hado y la providencia.- Teología natural y filosofía.- Cristo mediador.- El culto del verdadero Dios.- Origen de las dos ciudades.- Los ángeles y la creación del hombre. | |
| 526 | _aSEG42 | ||
| 526 | _aSEG41 | ||
| 526 | _aSEG40 | ||
| 526 | _aSEG39 | ||
| 526 | _aP94 | ||
| 526 | _aP87 | ||
| 526 | _aP86 | ||
| 526 | _aP85 | ||
| 526 | _aP77 | ||
| 526 | _aP76 | ||
| 526 | _aP35 | ||
| 650 | 0 | 4 | _aReino de Dios. |
| 650 | 0 | 4 |
_aApologética. _92321 |
| 700 | 1 |
_aMorán, José, _eeditor. |
|
| 910 |
_ajck _bjvq _cjck |
||
| 942 |
_2ddc _cBOOK |
||
| 949 |
_a235.2 M79 _wDEWEY _c1 _i39238 _lCCODEBUL1 _mBUL _p00.00 _r0 _sY _tBOOK _u19951009 _xTEOLOGIA _zUNKNOWN _0COMPRA _o.STAFF. Colección General |
||
| 994 |
_aC0 _bPEPRU |
||
| 596 | _a1 | ||
| 999 |
_a235.2 M79 _wDEWEY _c56879 _i39238 _d56879 _f2021-11-10 _g5 _lCCODEBUL1 _mBUL _q1 _r0 _sY _tBOOK _u2015-6-16 _xTEOLOGIA _zUNKNOWN _0COMPRA _o.STAFF. Colección General |
||
| 980 |
_81 _gALBERTO SANCHEZ Responsable de Automatización |
||